LIBRARY & INFORMATION CENTRE, KCAET, TAVANUR

ONLINE PUBLIC ACCESS CATALOGUE (OPAC)

Kathakusumangal / (Record no. 12598)

MARC details
000 -LEADER
fixed length control field 00454cam a2200181ua 4500
041 ## - LANGUAGE CODE
Language code of text/sound track or separate title mal
082 ## - DEWEY DECIMAL CLASSIFICATION NUMBER
Classification number 894.812301
Item number SHA/KA
100 ## - MAIN ENTRY--AUTHOR NAME
Personal name Sharma, P C .
245 ## - TITLE STATEMENT
Title Kathakusumangal /
250 ## - EDITION STATEMENT
Edition statement 2 /
260 ## - PUBLICATION, DISTRIBUTION, ETC. (IMPRINT)
Place of publication Thuravoor :
Name of publisher Sree Narasimha Vilasam Book Depot ,
Year of publication 1955.
300 ## - PHYSICAL DESCRIPTION
Number of Pages 86 ; .
942 ## - ADDED ENTRY ELEMENTS (KOHA)
Koha item type Books
Holdings
Withdrawn status Lost status Damaged status Home library Current library Date acquired Full call number Accession Number Koha item type
Withdrawn     KAUAET Central Prison Tavanur 07/04/2012 894.812301 937 Books
free website counter